Sports Quiz

Random Sports or World Cup Quiz

Smallest FIFA World Cup Countries Quiz Stats

 Plays Quiz Updated Nov 25, 2017

Challenge
Share
Tweet
Embed
Score 0/20 Timer 04:00
32 Plays Today
Appearances Countries % Correct
1Iceland
88.2%
3Ireland
64%
13Uruguay
63.8%
1Panama
63.3%
2New Zealand
61.5%
5Costa Rica
59.9%
2Slovenia
58.5%
5Denmark
57.6%
1Jamaica
56.2%
8Scotland
56%
Appearances Countries % Correct
1Trinidad and Tobago
55.9%
1Wales
55.3%
3Norway
54.4%
1Slovakia
53.2%
5Croatia
53%
3Northern Ireland
49.3%
1Bosnia and Herzegovina
40.9%
2El Salvador
40.6%
1Togo
40.4%
1Kuwait
30.7%

You're not logged in!

Compare scores with friends on all Sporcle quizzes.
OR
Log In

You Might Also Like...

Show Comments

Extras

Top Quizzes Today


Score Distribution

Your Account Isn't Verified!

In order to create a playlist on Sporcle, you need to verify the email address you used during registration. Go to your Sporcle Settings to finish the process.

Report this User

Report this user for behavior that violates our Community Guidelines.

Details: